00806nam a2200169Ia 4500952010400000999001700104008004100121050001700162100004800179245023900227260002700466300001800493500005800511519000900569700004800578942001000626 00104070a22b22d2007-01-08l6oT BF335 A2p11 003656r2018-03-22s2018-03-22t1w2012-06-26yLB c70478d70478120626s2002 mx 000 0 spa d aT BF335 bA2 aArchundia Bañuelos, Virginiaesustentante aTrastorno de estrés postraumático en jovenes violadas por agresor conocido o desconocidoc / tesis para obtener el título de licenciada en Psicología, Virginia Archundia Bañuelos ; asesora Teresa del Carmen Sánchez Oliva aMéxicob: s/edc2002 a110 páginas aTesis en Psicología - Centro Cultural Justo Sierra a d  aSánchez Oliva, Teresa del Carmeneasesor cTESIS